|
|
|
|
| LEADER |
00000nam a22000007a 4500 |
| 005 |
20220720005153.0 |
| 007 |
cr|||| |||| |
| 008 |
220720s2020 br |||||s|||| 00||0 por d |
| 020 |
|
|
|a 978-85-93741-83-8
|
| 035 |
|
|
|a 36748
|
| 040 |
|
|
|a vLex
|
| 090 |
|
|
|c 13612
|d 13612
|
| 100 |
1 |
|
|a de Moraes Mello, Cleyson
|
| 245 |
1 |
0 |
|a Dignidade da Pessoa Humana
|h [Recurso electrn̤ico] :
|b A Compreensô Existencial da Constituiȯ̂ /
|c Cleyson de Moraes Mello
|
| 256 |
|
|
|a Servicio en ln̕ea
|
| 260 |
|
|
|a Rio de Janeiro:
|b Editora Processo,
|c 2020
|
| 300 |
|
|
|a 1 recurso electrn̤ico
|
| 500 |
|
|
|a É a partir do viš ontolg̤ico que a Constituiȯ̂ deve ser compreendida e aplicada. A copertenȧ entre o homem e o ser deve ser posta, originariamente, no fundamento da Constituiȯ̂ a partir da cura. O homem e o ser sô o mesmo em sua fundamentalidade. Da ̕a importńcia de um caminhar em direȯ̂ a um direito natural ontolg̤ico em que a cura possa delinear o fundamento do direito. Ora, de que maneira se pode restituir um sentido a expressô 'dignidade da pessoa humana' na esfera jurd̕ica? Ela deve ser pensada, mais originariamente, a partir da Essn̊cia do homem. O denominado 'princp̕io' da dignidade da pessoa humana se perdeu por ser utilizado como mero flatus vocis, destitud̕o de sentido. O autor procura restituir-lhe um sentido mais originr̀io, como uma espčie de meta norma.
|
| 506 |
1 |
|
|a Disponible solo en los productos indicados
|d vLex Global
|d vLex Global (Academic Edition, excluding Law Schools)
|d vLex Global (U.S. Academic Edition, Law Schools)
|d vLex Global (U.S. Academic Edition, excluding Law Schools)
|d vLex Global (Academic Edition, Law Schools)
|
| 650 |
0 |
4 |
|a Derecho Constitucional
|z Brasil
|
| 740 |
0 |
|
|a vLex Libros (Servicio en ln̕ea)
|
| 856 |
4 |
0 |
|u https://app.vlex.com/#/sources/36748
|z Acceso restringido
|
| 942 |
|
|
|c BOOK
|
| 999 |
0 |
|
|a Constitutional right
|